00955cam a2200289 a 450000100090000000300040000900500170001300800410003001000170007102000150008802000150010302000150011804000180013305000240015108200230017510000320019824500600023025000310029026000490032130000450037050000330041552600220044856200590047065000540052965000570058370000250064012730671OSt20150513162958.0020404s2002 nyua 001 0 eng  a 2002279417 a0071249907 a0072329637 a0072329637 aDLCcDLCdDLC00aPE 1128b.W492 200200aM 428.24bM49 20021 aWerner, Patricia K.,d1951-10aMosaic 2 grammar /cPatricia K. Werner, John P. Nelson. a4th ed., International ed. aNew York :bMcGraw-Hill Contemporary,c2002. aix, 421 pages :billustrations ;c26 cm. aIncludes appendix and index. c1210L to 1700L  efor circulation. 2 copies available in the collection  0aEnglish languagevTextbooks for foreign speakers. 0aEnglish languagexGrammarvProblems, exercises, etc.1 aNelson, John,d1953-